| 000 | 00413nam a2200181Ia 4500 | ||
|---|---|---|---|
| 001 | 10603 | ||
| 005 | 20260306161844.0 | ||
| 008 | 260306t1952||||xx |||||||||||||| ||spa|| | ||
| 041 | _aESP | ||
| 082 |
_a944.025 _bB11 |
||
| 100 |
_aBabelon, Jean _eAUT |
||
| 245 | 0 | _aCarlos V (1500-1558) | |
| 260 | _c1952 | ||
| 300 |
_a291 páginas : _c23 cm. |
||
| 650 | _aGEN | ||
| 654 | _aCHU | ||
| 942 |
_cLIB _dJUS _fJUS _2ddc _n |
||
| 999 |
_c10603 _d10603 |
||